000 01044cam a2200265 a 4500
001 000014251
005 20240404204714.0
008 910125s1974 ru 001 0 spa d
035 _a(DLC)ltf90032847
040 _aDO-SdBNP
_bspa
_cBNPHU
_dDLC
041 1 7 _aspa
_hrus
_2Código de idioma MARC
082 _a330.122
_bL566d
100 1 _aLenin, Vladimir Ilich,
_d1870-1924.
_932113
240 1 0 _aРАЗВИТIЕ КАПИТАЛИЗМА.
_lEspañol
245 1 3 _aEl desarrollo del capitalismo en Rusia :
_bel proceso de la formación de un mercado interior para la gran industria /
_cLenin Vladimir Ilich.
260 _aMoscú :
_bProgreso,
_c1974.
300 _a695 p. :
_bil. ;
_c21 cm.
504 _aIncluye referencias bibliográficas y notas al pie de las páginas.
534 _aTítulo original en Ruso:
_tРАЗВИТИЕ КАПИТАЛИЗМА.
650 0 _aCapitalismo
_9280
650 4 _aRusia
_xAspecto económico
_932182
650 4 _aRusia
_xCondiciones sociales
_932183
910 _aCatalogación derivada / LC
049 _aBNGR
999 _c13849
_d13849